| 000 | 00740nam a22002297a 4500 | ||
|---|---|---|---|
| 999 |
_c9424 _d9424 |
||
| 003 | AR-CdUCM | ||
| 008 | 190328b ||||| |||| 00| 0 spa d | ||
| 040 |
_aMUNICIPALIDAD PROVINCIAL DEL CUSCO _cBIBLIOTECA MUNICIPAL DEL CUSCO |
||
| 082 |
_22ed. _a634.9 / _bJ93 |
||
| 100 |
_aJuscafresca, Baudilio _925604 |
||
| 245 |
_aÁrboles Frutales : _bCultivo explotación comercial / |
||
| 260 |
_aBarcelona : _bAedos, _c1966. |
||
| 300 |
_a390 paginas ; _c20 cm. |
||
| 440 |
_aBiblioteca Agricola Aedos _n12 _925605 |
||
| 505 | _aContenido: Frutales en general -- cultivos especiales | ||
| 650 |
_aTierra _9337 |
||
| 650 |
_aNaturaleza _94241 |
||
| 650 |
_aArboles _91488 |
||
| 650 |
_aExplotación _925606 |
||
| 942 |
_2ddc _cLIBROS |
||
| 945 | _apjha | ||